| 000 | 00440nam a2200181Ia 4500 | ||
|---|---|---|---|
| 001 | 14019 | ||
| 005 | 20260306164843.0 | ||
| 008 | 260306t2017||||xx |||||||||||||| ||spa|| | ||
| 041 | _aESP | ||
| 082 |
_a005.82 _bB114 |
||
| 100 |
_aBahga, Arshdeep _eAUT |
||
| 245 | 0 |
_aBlockchain applications: _ba hands-on approach |
|
| 260 | _c2017 | ||
| 300 |
_a380 páginas : _c25 cm. |
||
| 650 | _aGEN | ||
| 654 | _aCCC | ||
| 942 |
_cLIB _dJUS _fJUS _2ddc _n |
||
| 999 |
_c14019 _d14019 |
||